000 01146nam a22003137a 4500
003 CHAP
005 20220329135719.0
008 971013s1977 r 00010 d
010 _a41007
011 _a41979
035 _a46106
040 _cCHAP
090 _aFolleto 2033Y (1977)
110 2 _aFondo de Garantía y Fomento para la Agricultura, Ganadería y Avicultura. México
_942107
245 1 _aCharacteristics and purposes of trust funds related to agriculture established ot the Banco de México, S.A.
250 _a5 ed.
260 _aMéxico, D.F. :
_b(s.e.),
_c1977
300 _a61 p.
590 _aBATCH-UPD
_b10
_c20130110
_lUCH01
_h1845
590 _aBATCH-UPD
_b10
_c20130410
_lUCH01
_h1215
590 _aBATCH-UPD
_b10
_c20130914
_lUCH01
_h1101
590 _aCONVERSION
_b10
_c20130109
_lUCH01
_h1323
650 1 4 _aCrédito agrícola
_xSociedades.
_929079
650 1 4 _aCrédito agrícola
_zMéxico.
_929089
901 _aBK
942 _cFOLL
949 _aFolleto 2033Y (1977)
_bBC
_cFOLL
_d33724002051934
_eTS2
_fc.2
_gDonaciØn
_i46106
_sb
949 _aFolleto 2033Y (1977)
_bBC
_cFOLL
_d33724002051975
_eTS1
_gDonaciØn
_i46106
_mD
_si
999 _c41007
_d41007